Nová linka umožní zvýšiť objem triedeného odpadu

Bibliographic Details
Format: Article
Language:Slovak
PhysicalDescription:Fotogr.
ISSN:1335-4566
Subjects:
Online Access:www.korzar.sk

MARC

LEADER 00000nab a2200000 a 4500
001 vtls008981798
003 SK-MaSNL
005 20260303065153.0
008 070418c20070418xo drz 0 0slo
038 |a KEVKJB 
040 |a KEVKJB  |b slo  |c KEVKJB  |e AACR2 
041 0 |a slo 
044 |a xo  |c SK 
080 |a 628.474  |2 2001 
245 0 0 |a Nová linka umožní zvýšiť objem triedeného odpadu  |c [autori](sam/sen) 
300 |b Fotogr. 
610 2 7 |a Spaľovňa komunálneho odpadu (Kokšov-Bakša, Slovensko)  |2 kevkjb  |9 881272 
610 2 7 |a Kosit (Košice, Slovensko)  |2 kevkjb  |9 30556 
650 0 7 |a separovaný zber odpadu  |2 kevkjb  |9 29387 
650 0 7 |a komunálny odpad  |2 kevkjb  |9 3934 
651 7 |a Košice (Slovensko)  |2 kevkjb  |9 18694 
651 7 |a Kokšov-Bakša (Slovensko)  |2 kevkjb  |9 168794 
651 7 |a Košice-okolie (Slovensko : okres)  |2 kevkjb  |9 146743 
773 0 |t Košický denník Korzár  |g Roč. X, č. 89 (18.4.2007), s. 3  |x 1335-4566 
852 |a KEVKJB  |b KIS3GCP 
856 4 1 |u www.korzar.sk 
999 |c 1750120  |d 1752050